| 000 | 02118cab a2200505 4500 | ||
|---|---|---|---|
| 001 | ABS56144 | ||
| 008 | 090401t1996 xxu||||| |||| 00| 0 eng d | ||
| 035 | _a(Sirsi) u21559 | ||
| 041 | _aeng | ||
| 100 | _aWilliams, D. | ||
| 245 | _aArbitration: case law update | ||
| 260 | _c1996 | ||
| 350 | _a0 | ||
| 490 |
_aEstates Gazette _v(9646) 16 November 1996, 148-151(4) |
||
| 520 | _aSummarises significant decisions concerning arbitration clauses and arbitration practice. | ||
| 650 | _aARBITRATION ACT 1996 | ||
| 650 | _aARBITRATION CLAUSES | ||
| 650 | _aBEN BARRETT AND SON (BRICKWORK) LTD V HENRY BOOT MANAGEMENT LTD | ||
| 650 | _aBROADGATE SQUARE PLC V LEHMAN BROTHERS LTD (NO.2) | ||
| 650 | _aCOSTS | ||
| 650 | _aCRUDEN CONSTRUCTION LTD V NEW TOWNS COMMISSION | ||
| 650 | _aDAVAL ACIERS DUSINOR ET DE SACILOR V ARMARE SRL | ||
| 650 | _aDYNATEC MINING LTD V PCL CIVIL CONSTRUCTORS (CANADA) INC | ||
| 650 | _aEXTENSIONS OF TIME | ||
| 650 | _aEXTRUDAKERB (MALTBY) ENGINEERING LTD V WHITEMOUNTAIN QUARRIES LTD | ||
| 650 | _aFKI ENGINEERING PLC V METRO-CAMMELL HONG KONG LTD | ||
| 650 | _aFROTA OCEANICA BRASILIERA SA V STEAMSHIP MUTUAL UNDERWRITING ASSOCIATI | ||
| 650 | _aGASCOR V ELLICOTT | ||
| 650 | _aGAY CONSTRUCTIONS PTY LTD V CALEDONIAN TECHMORE BUILDING AND HANISON C | ||
| 650 | _aGLENCORE INTERNATIONAL AG V BEOGRADSKA PLOVIDBA | ||
| 650 | _aHICKIE V ALTERNATIVE SOFTWARE LTD | ||
| 650 | _aJAMES LAZENBY AND CO V MCNICHOLAS CONSTRUCTION CO LTD | ||
| 650 | _aKINGDOM LTD V SNAMPROGRETTI LTD | ||
| 650 | _aLA FONTANA NOVELA V EG CORNELIUS AND CO LTD | ||
| 650 | _aLOVELL PARTNERSHIPS V A W CONSTRUCTION PLC | ||
| 650 | _aMISCONDUCT | ||
| 650 | _aOAKSTEAD GARAGES LTD V LEACH PENSION SCHEME (TRUSTEES) LTD | ||
| 650 | _aSMITH AND GORDON LTD V JOHN LEWIS BUILDING LTD | ||
| 650 | _aSTAY OF ARBITRATION | ||
| 650 | _aTARMAC CONSTRUCTION LTD V COLT INTERNATIONAL LTD | ||
| 650 | _aTURNER V STEVENAGE BC | ||
| 690 | _aMANAGEMENT-DISPUTE AVOIDANCE, MANAGEMENT AND RESOLUTION-DISPUTE MANAGEMENT AND RESOLUTION-ARBITRATION | ||
| 942 | _n0 | ||
| 948 | _c04/03/1997 | ||
| 999 |
_c14470 _d14470 |
||